[Event "TUR-ch U13-U18"]
[Site "Antalya"]
[Date "2020.01.23"]
[Round "8"]
[White "Dulek, Yavuz Selim"]
[Black "Aydin, Aytac"]
[Result "0-1"]
[WhiteElo "1233"]
[BlackElo "1419"]
[PlyCount "74"]
[EventDate "2020.01.19"]
[EventType "swiss"]
[EventRounds "11"]
[EventCountry "TUR"]
[SourceTitle "CBM 195 Extra"]
[Source "ChessBase"]
[SourceDate "2020.05.31"]
[SourceVersion "1"]
[SourceVersionDate "2020.05.31"]
[SourceQuality "1"]

1. e4 c5 2. d4 cxd4 3. c3 dxc3 4. Nxc3 Nc6 5. Nf3 e6 6. Bc4 Qc7 7. 0-0 a6 8. Qe2 Ne5 9. Nxe5 Qxe5 10. Rd1 Bc5 11. Be3 Bxe3 12. Qxe3 Ne7 13. f4 Qc7 14. Bb3 b5 15. Kh1 0-0 16. Rac1 Qa7 17. Qg3 Qb8 18. Qg4 Qb6 19. Qg3 Rd8 20. Rc2 Bb7 21. Rcd2 d6 22. Qg5 Rd7 23. f5 Qc5 24. Qg4 exf5 25. Qh5 g6 26. Bxf7+ Kg7 27. Qh3 Qe5 28. Bd5 Bxd5 29. Nxd5 Nxd5 30. exf5 Nf6 31. fxg6 hxg6 32. Rd5 Qxb2 33. Kg1 Rh8 34. Qe6 Rhd8 35. Rxd6 Rxd6 36. Rxd6 Qc1+ 37. Kf2 Qc5+ 0-1